Introduction to Petroleum Exploration for Non-Geologists / (Record no. 13002)
[ view plain ]
| 000 -LEADER | |
|---|---|
| fixed length control field | 01494cam a2200289 a 4500 |
| 001 - CONTROL NUMBER | |
| control field | 1597625 |
| 005 - DATE AND TIME OF LATEST TRANSACTION | |
| control field | 20081017084351.0 |
| 008 - FIXED-LENGTH DATA ELEMENTS--GENERAL INFORMATION | |
| fixed length control field | 940622s1995 enkab b 001 0 eng |
| 010 ## - LIBRARY OF CONGRESS CONTROL NUMBER | |
| LC control number | 94028504 |
| 020 ## - INTERNATIONAL STANDARD BOOK NUMBER | |
| International Standard Book Number | 9780198548560 |
| Terms of availability | 22.50 ($33.75 U.S.) |
| 040 ## - CATALOGING SOURCE | |
| Original cataloging agency | DLC |
| Transcribing agency | DLC |
| Modifying agency | DLC |
| 050 00 - LIBRARY OF CONGRESS CALL NUMBER | |
| Classification number | TN271.P4 |
| Item number | S86 1995 |
| 082 00 - DEWEY DECIMAL CLASSIFICATION NUMBER | |
| Classification number | 622.1828 |
| Edition number | 22 |
| Item number | STO |
| 100 1# - MAIN ENTRY--PERSONAL NAME | |
| Personal name | Stoneley, R. |
| Fuller form of name | (Robert), |
| Dates associated with a name | 1929-2008. |
| 9 (RLIN) | 9724 |
| 245 10 - TITLE STATEMENT | |
| Title | Introduction to Petroleum Exploration for Non-Geologists / |
| Statement of responsibility, etc | Robert Stoneley |
| 260 ## - PUBLICATION, DISTRIBUTION, ETC. (IMPRINT) | |
| Place of publication, distribution, etc | Oxford ; |
| Name of publisher, distributor, etc | Oxford University Press, |
| Date of publication, distribution, etc | 1995. |
| 300 ## - PHYSICAL DESCRIPTION | |
| Extent | viii, 119 p. : |
| Other physical details | ill., maps ; |
| Dimensions | 25 cm. |
| 504 ## - BIBLIOGRAPHY, ETC. NOTE | |
| Bibliography, etc | Includes bibliographical references p. 109-110 and index. |
| 650 #0 - SUBJECT ADDED ENTRY--TOPICAL TERM | |
| Topical term or geographic name as entry element | Petroleum |
| General subdivision | Prospecting |
| Form subdivision | Popular works. |
| 9 (RLIN) | 9725 |
| 650 #0 - SUBJECT ADDED ENTRY--TOPICAL TERM | |
| Topical term or geographic name as entry element | Petroleum |
| General subdivision | Geology |
| Form subdivision | Popular works. |
| 9 (RLIN) | 9726 |
| 856 42 - ELECTRONIC LOCATION AND ACCESS | |
| Materials specified | Publisher description |
| Uniform Resource Identifier | <a href="http://www.loc.gov/catdir/enhancements/fy0603/94028504-d.html">http://www.loc.gov/catdir/enhancements/fy0603/94028504-d.html</a> |
| 856 41 - ELECTRONIC LOCATION AND ACCESS | |
| Materials specified | Table of contents only |
| Uniform Resource Identifier | <a href="http://www.loc.gov/catdir/enhancements/fy0603/94028504-t.html">http://www.loc.gov/catdir/enhancements/fy0603/94028504-t.html</a> |
| 942 ## - ADDED ENTRY ELEMENTS (KOHA) | |
| Source of classification or shelving scheme | Dewey Decimal Classification |
| Item type | Book - Borrowing |
| Withdrawn status | Item status | Source of classification or shelving scheme | Damaged status | Not for loan | Vendor | Home library | Current library | Shelving location | Date acquired | Source of acquisition | Total Checkouts | Total Renewals | Full call number | Barcode | Date last seen | Date last borrowed | Koha item type |
|---|---|---|---|---|---|---|---|---|---|---|---|---|---|---|---|---|---|
| Dewey Decimal Classification | Central Library | Central Library | First floor | 08/12/2009 | 3 | 7 | 622.1828 STO | 000018987 | 15/07/2025 | 01/11/2011 | Book - Borrowing | ||||||
| Dewey Decimal Classification | Central Library | Central Library | First floor | 22/09/2010 | 2 | 7 | 622.1828 STO | 000021710 | 15/07/2025 | 15/12/2010 | Book - Borrowing |